[Event "RN-2014-0-00902"]
[Site "LSS email"]
[Date "2015.01.01"]
[Round "?"]
[White "Ilg, Christian"]
[Black "Venturas, Bob"]
[Result "1-0"]
[WhiteElo "760"]
[BlackElo "745"]
[PlyCount "77"]
[EventDate "2014.12.26"]
[EventType "tourn (corr)"]
[EventRounds "6"]
[EventCountry "GER"]
[SourceTitle "Corr 2015"]
[Source "ChessBase"]
[SourceDate "2015.07.17"]
[SourceVersion "1"]
[SourceVersionDate "2015.07.17"]
[SourceQuality "1"]

1. e4 e5 2. f4 Nc6 3. Nf3 Bc5 4. Nc3 Nf6 5. Bc4 0-0 6. d3 Ng4 7. Rf1 d6 8. h3 Ne3 9. Bxe3 Bxe3 10. fxe5 Nxe5 11. Nxe5 dxe5 12. Qf3 Qg5 13. Nd5 Bd2+ 14. Ke2 c6 15. Ne7+ Kh8 16. Nf5 Be6 17. h4 Qf4 18. c3 Bxc4 19. dxc4 Rad8 20. Qxf4 Bxf4 21. Rad1 g6 22. Ne3 Bg3 23. Rxd8 Rxd8 24. Rxf7 Rb8 25. h5 gxh5 26. Nf5 h4 27. Nxg3 hxg3 28. Kf3 Kg8 29. Rf5 Rf8 30. Rxf8+ Kxf8 31. Kxg3 Kg7 32. Kg4 Kg6 33. g3 h5+ 34. Kh4 c5 35. b4 cxb4 36. cxb4 b6 37. a4 a6 38. c5 bxc5 39. bxc5 1-0

[Event "RN-2014-0-00902"]
[Site "LSS email"]
[Date "2015.01.01"]
[Round "?"]
[White "Ilg, Christian"]
[Black "Vontina, Maria"]
[Result "0-1"]
[WhiteElo "760"]
[BlackElo "612"]
[PlyCount "80"]
[EventDate "2014.12.26"]
[EventType "tourn (corr)"]
[EventRounds "6"]
[EventCountry "GER"]
[SourceTitle "Corr 2015"]
[Source "ChessBase"]
[SourceDate "2015.07.17"]
[SourceVersion "1"]
[SourceVersionDate "2015.07.17"]
[SourceQuality "1"]

1. e4 e6 2. d4 d5 3. Nc3 Bb4 4. e5 c5 5. dxc5 Bxc5 6. Nf3 Ne7 7. Bg5 Bd7 8. Be2 h6 9. Bh4 0-0 10. 0-0 a6 11. b3 Qe8 12. a3 Nf5 13. Bd3 Nxh4 14. Nxh4 Nc6 15. b4 Be7 16. Nf3 Rc8 17. Ne2 Qd8 18. Rc1 Na7 19. Ned4 Nc6 20. Re1 Nxd4 21. Nxd4 Ba4 22. Qd2 Qb6 23. Nf3 Rc7 24. Qe3 Qxe3 25. Rxe3 Rfc8 26. Re2 Rc3 27. Ne1 Rxa3 28. c3 Raxc3 29. Rxc3 Rxc3 30. Ra2 Rc1 31. Kf1 Bxb4 32. Re2 b5 33. f3 Bd1 34. Re3 Bd2 35. Re2 Bxe2+ 36. Bxe2 Bxe1 37. g4 Rb1 38. Kg2 a5 39. Kf1 a4 40. Kg2 a3 0-1

[Event "RN-2014-0-00902"]
[Site "LSS email"]
[Date "2015.01.01"]
[Round "?"]
[White "Nejdek, Petr"]
[Black "Ilg, Christian"]
[Result "0-1"]
[WhiteElo "642"]
[BlackElo "760"]
[PlyCount "60"]
[EventDate "2014.12.26"]
[EventType "tourn (corr)"]
[EventRounds "6"]
[EventCountry "GER"]
[SourceTitle "Corr 2015"]
[Source "ChessBase"]
[SourceDate "2015.07.17"]
[SourceVersion "1"]
[SourceVersionDate "2015.07.17"]
[SourceQuality "1"]

1. e4 c5 2. d4 cxd4 3. Bd3 e5 4. Bd2 Nc6 5. Nf3 d6 6. Bc4 Be7 7. 0-0 Nf6 8. Ng5 0-0 9. c3 Na5 10. Bd3 h6 11. Nf3 Bg4 12. Re1 Rc8 13. h3 Bh5 14. g4 Nxg4 15. hxg4 Bxg4 16. Be2 Nc4 17. Qc2 Nxd2 18. Qxd2 Bxf3 19. Bxf3 Bg5 20. Qe2 dxc3 21. Nxc3 Bf4 22. Nd5 Qg5+ 23. Kf1 Bh2 24. Bg4 h5 25. f3 Bg3 26. Kg2 Bxe1 27. Rxe1 hxg4 28. fxg4 Rc5 29. Rf1 Rfc8 30. Rf5 Qh4 0-1

[Event "LSS No Engine Cup 120 Preliminary 0"]
[Site "LSS email"]
[Date "2014.11.01"]
[Round "?"]
[White "Ilg, Christian"]
[Black "Baumann, Arend"]
[Result "0-1"]
[WhiteElo "1600"]
[BlackElo "1334"]
[PlyCount "45"]
[EventDate "2014.11.02"]
[EventType "tourn (corr)"]
[EventRounds "6"]
[EventCountry "GER"]
[SourceTitle "Corr 2022"]
[Source "ChessBase"]
[SourceDate "2021.10.24"]
[SourceVersion "1"]
[SourceVersionDate "2021.10.24"]
[SourceQuality "1"]

1. e4 e6 2. d4 d5 3. Nc3 Bb4 4. exd5 exd5 5. Bd2 Nf6 6. Nf3 0-0 7. Be2 Re8 8. 0-0 Bg4 9. h3 Bh5 10. a3 Bxc3 11. Bxc3 Nbd7 12. Re1 Ne4 13. Bd2 Ndf6 14. Bf4 c6 15. Nd2 Bxe2 16. Rxe2 Qb6 17. Nb3 h6 18. Be5 Nd7 19. Bh2 a5 20. Qe1 a4 21. Nd2 Nef6 22. Rb1 Rxe2 23. Qxe2 0-1

[Event "LSS No Engine Cup 120 Preliminary 0"]
[Site "LSS email"]
[Date "2014.11.01"]
[Round "?"]
[White "Svrsek Jr, Radomir"]
[Black "Ilg, Christian"]
[Result "1-0"]
[WhiteElo "2182"]
[BlackElo "1600"]
[PlyCount "49"]
[EventDate "2014.11.02"]
[EventType "tourn (corr)"]
[EventRounds "6"]
[EventCountry "GER"]
[SourceTitle "Corr 2022"]
[Source "ChessBase"]
[SourceDate "2021.10.24"]
[SourceVersion "1"]
[SourceVersionDate "2021.10.24"]
[SourceQuality "1"]

1. e4 c5 2. Nf3 d6 3. d4 cxd4 4. Nxd4 Nf6 5. Nc3 a6 6. Be2 Bd7 7. 0-0 e6 8. a3 Nc6 9. Be3 Be7 10. f4 0-0 11. Qe1 Rc8 12. Rd1 Nxd4 13. Bxd4 Qc7 14. e5 dxe5 15. fxe5 Ne8 16. Qf2 Bc6 17. Qe3 Qa5 18. Bb6 Bc5 19. Bxc5 Nc7 20. Bb4 Nd5 21. Nxd5 Qd8 22. Nf6+ gxf6 23. Rxd8 Rfxd8 24. Qg3+ Kh8 25. Be7 1-0

[Event "RN-2014-0-00860"]
[Site "LSS email"]
[Date "2014.10.22"]
[Round "?"]
[White "Bieszk, Stanislaw"]
[Black "Ilg, Christian"]
[Result "0-1"]
[WhiteElo "867"]
[BlackElo "760"]
[PlyCount "64"]
[EventDate "2014.10.14"]
[EventType "tourn (corr)"]
[EventRounds "6"]
[EventCountry "GER"]
[SourceTitle "Corr 2015"]
[Source "ChessBase"]
[SourceDate "2015.07.17"]
[SourceVersion "1"]
[SourceVersionDate "2015.07.17"]
[SourceQuality "1"]

1. e4 c5 2. Nf3 d6 3. d4 cxd4 4. Nxd4 Nf6 5. Nc3 e5 6. Nb3 Be7 7. Be3 Nc6 8. f3 0-0 9. Qd2 Be6 10. g4 Rc8 11. h4 Nd7 12. g5 Nb4 13. a3 Nc6 14. 0-0-0 Bxb3 15. cxb3 Na5 16. Kb1 Nxb3 17. Qd5 Nbc5 18. b4 Nb6 19. Qa2 Nca4 20. Nxa4 Nxa4 21. Bd2 Rc7 22. Bb5 Nc3+ 23. Bxc3 Rxc3 24. Rd3 Qc7 25. Rhd1 Rc8 26. Qb2 Rc2 27. Qb3 Rc1+ 28. Kb2 Rc2+ 29. Kb1 Rc1+ 30. Kb2 Qc2+ 31. Qxc2 R1xc2+ 32. Kb1 Rh2 0-1

[Event "RN-2014-0-00860"]
[Site "LSS email"]
[Date "2014.10.22"]
[Round "?"]
[White "Hinestroza, Douglas"]
[Black "Ilg, Christian"]
[Result "0-1"]
[WhiteElo "807"]
[BlackElo "760"]
[PlyCount "52"]
[EventDate "2014.10.14"]
[EventType "tourn (corr)"]
[EventRounds "6"]
[EventCountry "GER"]
[SourceTitle "Corr 2015"]
[Source "ChessBase"]
[SourceDate "2015.07.17"]
[SourceVersion "1"]
[SourceVersionDate "2015.07.17"]
[SourceQuality "1"]

1. e4 c5 2. Nf3 d6 3. Bc4 Nc6 4. 0-0 Nf6 5. Nc3 Bg4 6. Be2 e6 7. d4 Bxf3 8. Bxf3 cxd4 9. Nb5 e5 10. Bg5 Be7 11. Qd2 a6 12. Na3 0-0 13. c3 Nxe4 14. Bxe4 Bxg5 15. Qd3 h6 16. cxd4 Nxd4 17. Bxb7 Rb8 18. Qxa6 Qc7 19. Be4 f5 20. Bd5+ Kh7 21. Nc4 Rb5 22. Be6 Rc5 23. Bxf5+ Nxf5 24. b3 Rc8 25. Rad1 Qc6 26. Qxc6 R8xc6 0-1

[Event "RN-2014-0-00860"]
[Site "LSS email"]
[Date "2014.10.22"]
[Round "?"]
[White "Ilg, Christian"]
[Black "Gorman, Andrew"]
[Result "0-1"]
[WhiteElo "760"]
[BlackElo "820"]
[PlyCount "84"]
[EventDate "2014.10.14"]
[EventType "tourn (corr)"]
[EventRounds "6"]
[EventCountry "GER"]
[SourceTitle "Corr 2015"]
[Source "ChessBase"]
[SourceDate "2015.07.17"]
[SourceVersion "1"]
[SourceVersionDate "2015.07.17"]
[SourceQuality "1"]

1. e4 e5 2. f4 Bc5 3. Nf3 Nf6 4. Nc3 Ng4 5. d4 exd4 6. Nxd4 d6 7. Na4 Nc6 8. Bb5 Bxd4 9. Qxd4 0-0 10. Bxc6 bxc6 11. 0-0 c5 12. Qd5 Be6 13. Qh5 Nf6 14. Qh4 Nxe4 15. Qxd8 Raxd8 16. Be3 Rfe8 17. Rae1 Bc4 18. Rf3 Bd5 19. Rff1 h6 20. a3 Bc6 21. Nc3 Nxc3 22. bxc3 Ba4 23. Rf2 Re4 24. Rfe2 Rde8 25. Kf2 f5 26. g3 Bb5 27. Rd2 Kf7 28. Rdd1 Kf6 29. Kf3 Bc6 30. Kf2 Rc4 31. Bd2 Rxe1 32. Bxe1 Ra4 33. Ra1 Be4 34. Ra2 Ke6 35. Ke3 Ra6 36. g4 g6 37. gxf5+ Kxf5 38. Bh4 Bd5 39. Ra1 Ra4 40. Bd8 c6 41. Be7 Re4+ 42. Kd3 Rxe7 0-1

[Event "RN-2014-0-00850"]
[Site "LSS email"]
[Date "2014.09.29"]
[Round "?"]
[White "Ilg, Christian"]
[Black "Arriola, Roger"]
[Result "0-1"]
[WhiteElo "853"]
[BlackElo "1007"]
[PlyCount "62"]
[EventDate "2014.09.19"]
[EventType "tourn (corr)"]
[EventRounds "6"]
[EventCountry "GER"]
[SourceTitle "Corr 2015"]
[Source "ChessBase"]
[SourceDate "2015.07.17"]
[SourceVersion "1"]
[SourceVersionDate "2015.07.17"]
[SourceQuality "1"]

1. e4 e5 2. f4 Nc6 3. Nf3 exf4 4. Bc4 h6 5. 0-0 Nge7 6. d4 d5 7. exd5 Nxd5 8. Re1+ Nce7 9. Nc3 c6 10. Nxd5 cxd5 11. Bb3 g5 12. Ne5 a6 13. Qh5 Be6 14. Nf3 Ng6 15. Ne5 Nxe5 16. Rxe5 Qb6 17. c3 0-0-0 18. Rxg5 Bd6 19. Rg7 f5 20. Qg6 Rde8 21. Bd2 Qc6 22. Rf1 Bb8 23. Bxf4 Bxf4 24. Rxf4 Qb5 25. Rh7 Qe2 26. Qxh6 Qe3+ 27. Kf1 Rxh7 28. Qxh7 Qxf4+ 29. Kg1 Qe3+ 30. Kf1 Bd7 31. Qxd7+ Kxd7 0-1

[Event "SN-2014-0-00619"]
[Site "LSS email"]
[Date "2014.09.11"]
[Round "?"]
[White "Lenz, Juergen"]
[Black "Ilg, Christian"]
[Result "0-1"]
[WhiteElo "947"]
[BlackElo "853"]
[PlyCount "82"]
[EventDate "2014.08.04"]
[EventType "tourn (corr)"]
[EventRounds "6"]
[EventCountry "GER"]
[SourceTitle "Corr 2015"]
[Source "ChessBase"]
[SourceDate "2015.07.17"]
[SourceVersion "1"]
[SourceVersionDate "2015.07.17"]
[SourceQuality "1"]

1. d4 Nf6 2. Nf3 d5 3. Bf4 Nc6 4. e3 Bg4 5. Nbd2 e6 6. Be2 Bb4 7. c3 Ba5 8. 0-0 0-0 9. h3 Bh5 10. Ne5 Bxe2 11. Qxe2 Ne7 12. b4 Bb6 13. Nb3 Nd7 14. Nc5 Bxc5 15. bxc5 Nxe5 16. Bxe5 b6 17. cxb6 cxb6 18. c4 dxc4 19. Qxc4 Rc8 20. Qa6 Qd7 21. Rfc1 Nc6 22. Bg3 Nb4 23. Qa3 Nc2 24. Rxc2 Rxc2 25. Qd3 Rfc8 26. Kh2 R8c3 27. Qe4 Qd5 28. Qf4 Rc8 29. a4 R2c4 30. f3 h6 31. Bf2 Qa5 32. e4 Rxa4 33. Rxa4 Qxa4 34. Bg1 Qc4 35. Qd2 a6 36. d5 exd5 37. exd5 b5 38. d6 Qc6 39. Bf2 Rd8 40. Bg3 Qc5 41. d7 Qc6 0-1

[Event "SN-2014-0-00621"]
[Site "LSS email"]
[Date "2014.08.29"]
[Round "?"]
[White "Lenz, Juergen"]
[Black "Ilg, Christian"]
[Result "0-1"]
[WhiteElo "905"]
[BlackElo "760"]
[PlyCount "122"]
[EventDate "2014.08.14"]
[EventType "tourn (corr)"]
[EventRounds "6"]
[EventCountry "GER"]
[SourceTitle "Corr 2015"]
[Source "ChessBase"]
[SourceDate "2015.07.17"]
[SourceVersion "1"]
[SourceVersionDate "2015.07.17"]
[SourceQuality "1"]

1. d4 Nf6 2. Nf3 e6 3. Bf4 Nc6 4. e3 d5 5. c4 Be7 6. Nc3 0-0 7. Rc1 Bb4 8. Be2 Ne4 9. 0-0 Bxc3 10. bxc3 dxc4 11. Bxc4 Re8 12. Bd3 Nf6 13. c4 b6 14. Bg5 Bb7 15. e4 Nxd4 16. e5 h6 17. Bh4 Nxf3+ 18. gxf3 g5 19. exf6 gxh4 20. Be4 Bxe4 21. fxe4 Qxf6 22. f4 Kh7 23. Kh1 Rad8 24. Qc2 Rd4 25. e5+ Qf5 26. Qf2 Qe4+ 27. Qg2 Rg8 28. Qxe4+ Rxe4 29. Rf2 Rg4 30. c5 Rgxf4 31. Rxf4 Rxf4 32. cxb6 cxb6 33. Rc7 Kg6 34. Rxa7 Re4 35. Ra6 Rxe5 36. Rxb6 Ra5 37. Rb2 f5 38. Kg2 e5 39. Rc2 Kg5 40. Rb2 e4 41. Kf2 Kg4 42. Kg2 h3+ 43. Kf2 f4 44. Rc2 e3+ 45. Ke2 Rd5 46. a4 Re5 47. Rc4 h5 48. Rb4 Ra5 49. Rc4 Rd5 50. Rc2 Kf5 51. Kf3 Ke5 52. Ra2 Ra5 53. Ra3 Rd5 54. Ra2 Rd1 55. Ke2 Rg1 56. Kd3 Rg2 57. Ra1 Rd2+ 58. Kc3 f3 59. a5 f2 60. a6 Rd8 61. a7 e2 0-1

[Event "SN-2014-0-00621"]
[Site "LSS email"]
[Date "2014.08.29"]
[Round "?"]
[White "Reinecke, Juergen"]
[Black "Ilg, Christian"]
[Result "1-0"]
[WhiteElo "1047"]
[BlackElo "760"]
[PlyCount "53"]
[EventDate "2014.08.14"]
[EventType "tourn (corr)"]
[EventRounds "6"]
[EventCountry "GER"]
[SourceTitle "Corr 2015"]
[Source "ChessBase"]
[SourceDate "2015.07.17"]
[SourceVersion "1"]
[SourceVersionDate "2015.07.17"]
[SourceQuality "1"]

1. e4 c5 2. Nc3 d6 3. g3 Nf6 4. Bg2 e5 5. d3 Nc6 6. Nge2 Be7 7. 0-0 0-0 8. f4 Qb6 9. h3 c4+ 10. Kh2 cxd3 11. cxd3 exf4 12. Nxf4 Bd7 13. Ncd5 Nxd5 14. Nxd5 Qd8 15. Qb3 b6 16. Ne3 Be6 17. Qc3 Rc8 18. Qd2 Nd4 19. b3 Bg5 20. Qf2 Qd7 21. Bb2 Nb5 22. Rac1 Rxc1 23. Rxc1 Rc8 24. Rxc8+ Qxc8 25. Nc4 Qc5 26. Qf3 Qe3 27. Nxe3 1-0

[Event "SN-2014-0-00619"]
[Site "LSS email"]
[Date "2014.08.22"]
[Round "?"]
[White "Gorman, Andrew"]
[Black "Ilg, Christian"]
[Result "0-1"]
[WhiteElo "844"]
[BlackElo "853"]
[PlyCount "70"]
[EventDate "2014.08.04"]
[EventType "tourn (corr)"]
[EventRounds "6"]
[EventCountry "GER"]
[SourceTitle "Corr 2015"]
[Source "ChessBase"]
[SourceDate "2015.07.17"]
[SourceVersion "1"]
[SourceVersionDate "2015.07.17"]
[SourceQuality "1"]

1. e4 c5 2. Nf3 d6 3. d4 cxd4 4. Nxd4 Nf6 5. Nc3 e5 6. Bb5+ Bd7 7. Bxd7+ Nbxd7 8. Nf5 Nb6 9. Bg5 h6 10. Bxf6 Qxf6 11. Qf3 g6 12. Ne3 Qxf3 13. gxf3 Be7 14. 0-0-0 Rc8 15. a3 Nc4 16. Nxc4 Rxc4 17. Nd5 Kd7 18. Nxe7 Kxe7 19. Rd2 Rhc8 20. c3 b5 21. Rhd1 R8c6 22. Kc2 a5 23. Rd3 b4 24. b3 Rxc3+ 25. Rxc3 Rxc3+ 26. Kb2 Rxf3 27. Rd2 f5 28. exf5 Rxf5 29. axb4 axb4 30. Kc2 g5 31. Kd3 Rf3+ 32. Kc4 Rf4+ 33. Kd5 g4 34. Re2 Rf3 35. Rb2 Rh3 0-1

[Event "SN-2014-0-00619"]
[Site "LSS email"]
[Date "2014.08.22"]
[Round "?"]
[White "Vontina, Maria"]
[Black "Ilg, Christian"]
[Result "0-1"]
[WhiteElo "670"]
[BlackElo "853"]
[PlyCount "36"]
[EventDate "2014.08.04"]
[EventType "tourn (corr)"]
[EventRounds "6"]
[EventCountry "GER"]
[SourceTitle "Corr 2015"]
[Source "ChessBase"]
[SourceDate "2015.07.17"]
[SourceVersion "1"]
[SourceVersionDate "2015.07.17"]
[SourceQuality "1"]

1. e4 c5 2. Nf3 d6 3. d4 cxd4 4. Nxd4 Nf6 5. Nc3 a6 6. Bg5 e6 7. f4 Be7 8. Qf3 e5 9. Nb3 Bg4 10. Qe3 h6 11. Bh4 exf4 12. Qxf4 Be6 13. 0-0-0 Qc7 14. Bd3 g5 15. Bxg5 hxg5 16. Qxg5 Rg8 17. Qd2 Ng4 18. Rdf1 Bg5 0-1

[Event "RN-2014-0-00834"]
[Site "LSS email"]
[Date "2014.08.11"]
[Round "?"]
[White "Bieszk, Stanislaw"]
[Black "Ilg, Christian"]
[Result "1-0"]
[WhiteElo "850"]
[BlackElo "853"]
[PlyCount "89"]
[EventDate "2014.08.02"]
[EventType "tourn (corr)"]
[EventRounds "6"]
[EventCountry "GER"]
[SourceTitle "Corr 2015"]
[Source "ChessBase"]
[SourceDate "2015.07.17"]
[SourceVersion "1"]
[SourceVersionDate "2015.07.17"]
[SourceQuality "1"]

1. Na3 d5 2. b3 Nf6 3. e3 e5 4. d4 Nc6 5. Nf3 exd4 6. Nxd4 Bd7 7. Be2 Be7 8. c4 dxc4 9. Nxc4 0-0 10. 0-0 Bc5 11. Bb2 Re8 12. Qc2 Qe7 13. Rad1 Rad8 14. Bf3 a6 15. Nxc6 Bxc6 16. Bxc6 bxc6 17. Qf5 Bd6 18. Bxf6 Qxf6 19. Qxf6 gxf6 20. Rd3 Bb4 21. Rfd1 Be7 22. Rxd8 Rxd8 23. Rxd8+ Bxd8 24. b4 Kf8 25. Na5 Be7 26. Nxc6 Bd6 27. g3 f5 28. Kg2 f6 29. a3 Kf7 30. Kf3 Ke6 31. Nb8 c5 32. Nxa6 c4 33. Ke2 Kd5 34. f3 Be5 35. Kd2 Bb2 36. a4 Ba3 37. b5 Bb2 38. Kc2 Be5 39. a5 Kd6 40. f4 Ba1 41. b6 Kc6 42. Nc5 c3 43. Na4 h5 44. Kb1 Bb2 45. Nxb2 1-0

[Event "RN-2014-0-00834"]
[Site "LSS email"]
[Date "2014.08.11"]
[Round "?"]
[White "Ilg, Christian"]
[Black "Garcia, Javier N"]
[Result "1-0"]
[WhiteElo "853"]
[BlackElo "749"]
[PlyCount "59"]
[EventDate "2014.08.02"]
[EventType "tourn (corr)"]
[EventRounds "6"]
[EventCountry "GER"]
[SourceTitle "Corr 2015"]
[Source "ChessBase"]
[SourceDate "2015.07.17"]
[SourceVersion "1"]
[SourceVersionDate "2015.07.17"]
[SourceQuality "1"]

1. e4 c5 2. d3 d6 3. Nf3 Nf6 4. Bg5 e5 5. Nc3 Bg4 6. Be2 Be7 7. 0-0 0-0 8. Re1 Nc6 9. h3 Be6 10. Bh4 Qd7 11. Ng5 Nd4 12. Nxe6 fxe6 13. Bg3 b5 14. Bf3 b4 15. Ne2 Nxf3+ 16. gxf3 Nh5 17. Kh2 Rxf3 18. Ng1 Rf7 19. Qxh5 Raf8 20. Rf1 Qa4 21. b3 Qa3 22. Qd1 Bg5 23. Qg4 Bf4 24. Qxe6 Qa6 25. Ne2 Bh6 26. f4 exf4 27. Bxf4 Bxf4+ 28. Rxf4 Qc6 29. Raf1 Qc7 30. Rxf7 1-0

[Event "OP-2014-0-03438"]
[Site "LSS email"]
[Date "2014.07.14"]
[Round "?"]
[White "Ilg, Christian"]
[Black "Narkun, Malgorzata"]
[Result "0-1"]
[WhiteElo "853"]
[BlackElo "1745"]
[PlyCount "40"]
[EventDate "2014.07.09"]
[EventType "tourn (corr)"]
[EventRounds "4"]
[EventCountry "GER"]
[SourceTitle "Corr 2015"]
[Source "ChessBase"]
[SourceDate "2015.07.17"]
[SourceVersion "1"]
[SourceVersionDate "2015.07.17"]
[SourceQuality "1"]

1. e4 e5 2. f4 exf4 3. Nf3 Be7 4. Bc4 Bh4+ 5. Kf1 Be7 6. d4 Nf6 7. Nc3 Nxe4 8. Nxe4 d5 9. Bd3 dxe4 10. Bxe4 Bd6 11. c4 c6 12. Qb3 0-0 13. Kf2 Nd7 14. Rf1 Nc5 15. dxc5 Bxc5+ 16. Ke2 Re8 17. Nd2 Bg4+ 18. Ke1 Qd4 19. Rxf4 Qg1+ 20. Rf1 Bf2# 0-1

[Event "ZN-2014-0-02697"]
[Site "LSS email"]
[Date "2014.04.29"]
[Round "?"]
[White "Ilg, Christian"]
[Black "Venturas, Bob"]
[Result "1-0"]
[WhiteElo "800"]
[BlackElo "703"]
[PlyCount "73"]
[EventDate "2014.04.25"]
[EventType "match (corr)"]
[EventRounds "2"]
[EventCountry "GER"]
[SourceTitle "Corr 2022"]
[Source "ChessBase"]
[SourceDate "2021.10.24"]
[SourceVersion "1"]
[SourceVersionDate "2021.10.24"]
[SourceQuality "1"]

1. e4 e5 2. f4 exf4 3. Nf3 d5 4. exd5 Qxd5 5. Nc3 Qe6+ 6. Qe2 Nc6 7. d3 Qxe2+ 8. Bxe2 Bd6 9. 0-0 Nf6 10. Ng5 Bc5+ 11. Kh1 Nd4 12. Bxf4 Nxc2 13. Rac1 Ne3 14. Rf3 Nf5 15. Bxc7 Be3 16. Rcf1 Bxg5 17. Rxf5 Bxf5 18. Rxf5 Bc1 19. b3 Rc8 20. Nb5 0-0 21. Be5 Nd7 22. Bg3 a6 23. Nd6 Rc2 24. Bf1 Rxa2 25. h4 Re8 26. Rxf7 Rd8 27. Nxb7 Rf8 28. Rxf8+ Nxf8 29. d4 a5 30. b4 axb4 31. Bc4+ Kh8 32. Bxa2 Nd7 33. Nc5 Nb6 34. d5 Kg8 35. Bc7 Nc8 36. d6+ Kf8 37. d7 1-0